Представление документа в формате RUSMARC

ПолеНазваниеЗначение
  Тип записи a
  Библиографический уровень m
001 Контрольный номер 9621f131bfab4626be3423ddd3b7d9d4
005 Дата корректировки 20170411133051.8
010 Индекс ISBN __
a ISBN 978-5-4444-3767-4
101 Язык документа 0_
a Язык текста rus
102 Страна публикации __
a Страна публикации RU
200 Заглавие и сведения об ответственности 1_
a Заглавие Сто великих фаворитов
b Общее обозначение материала Текст
f Первые сведения об ответственности Ю. Н. Лубченков, Т. Ю. Лубченкова
210 Выходные данные 1_
a Место издания М.
c Издательство Вече
d Дата издания 2016
215 Физическое описание __
a Объем 448 с.
c Иллюстрации/тип воспроизводства ил.
225 Серия 2_
a Серия 100 великих
300 Общие примечания __
a Общие примечания Знак информац.продукции 12+
610 Ключевые слова 0_
a Ключевые слова великие
610 Ключевые слова 0_
a Ключевые слова 100 великих
610 Ключевые слова 0_
a Ключевые слова сто великих
a Ключевые слова фавориты
686 Индексы других классификаций __
a Классификационный индекс 63.3(0)
700 Автор _1
a Фамилия Лубченков
b Имя Ю. Н.
701 Альтернативная интеллектуальная ответственность _1
a Фамилия Лубченкова
b Имя Т. Ю.
e Роль лиц Автор
4 Код отношения 070
801 Источник записи _0
a Страна RU
b Организация РУК
c Дата составления 20170411
g Правила каталогизации PSBO
801 Источник записи _1
a Страна RU
b Организация РУК
g Правила каталогизации PSBO
852 Данные о местонахождении __
i Авторский знак Л 82
j Шифр хранения ББК 63.3
901 Тип документа __
t Тип документа m
937 Технологическая информация __
a Создатель записи (имя) Мясникова
938 Служебная информация __
a Название организации Головной вуз